Sports Quiz

Random Sports or NBA Quiz

NBA: Point/Rebound 10/10 Streaks (05-10) Quiz Stats

 Plays Quiz not verified by Sporcle

Score 0/35 Timer 03:00
0 Plays Today
Games in a Row Player % Correct
9Shaquille O'neal
91.1%
37Kevin Garnett
86.4%
19Kevin Garnett
86.4%
14Kevin Garnett
86.4%
14Kevin Garnett
86.4%
13Kevin Garnett
86.4%
12Kevin Garnett
86.4%
12Kevin Garnett
86.4%
10Kevin Garnett
86.4%
10Kevin Garnett
86.4%
20Dwight Howard
85.8%
18Dwight Howard
85.8%
15Dwight Howard
85.8%
14Dwight Howard
85.8%
12Dwight Howard
85.8%
9Tim Duncan
84.8%
11Kevin Love
65.9%
10Chris Bosh
51.3%
Games in a Row Player % Correct
9Chris Bosh
51.3%
9Carlos Boozer
47.7%
24David Lee
47.5%
10David Lee
47.5%
9Elton Brand
44.9%
9Elton Brand
44.9%
9Zach Randolph
42.7%
14Tyson Chandler
40%
10Shawn Marion
35.3%
9Shawn Marion
35.3%
19Emeka Okafor
28.7%
10Emeka Okafor
28.7%
12Chris Kaman
28.6%
11Troy Murphy
17.1%
19Paul Millsap
13.3%
9Antoine Walker
12.8%
17Andris Biedrins
11.6%

You're not logged in!

Compare scores with friends on all Sporcle quizzes.
OR
Log In

Show Comments

Extras

Top Quizzes Today


Score Distribution

Your Account Isn't Verified!

In order to create a playlist on Sporcle, you need to verify the email address you used during registration. Go to your Sporcle Settings to finish the process.

Report this User

Report this user for behavior that violates our Community Guidelines.

Details: